Handbook Of Scheduling (Record no. 331328)

MARC details
000 -LEADER
fixed length control field 00546nam a2200169Ia 4500
008 - FIXED-LENGTH DATA ELEMENTS--GENERAL INFORMATION
fixed length control field 230718s9999 xx 000 0 und d
020 ## - INTERNATIONAL STANDARD BOOK NUMBER
International Standard Book Number 9781584883975
041 ## - LANGUAGE CODE
Language code of text/sound track or separate title eng
082 ## - DEWEY DECIMAL CLASSIFICATION NUMBER
Classification number 658.530151
Item number LEU
100 ## - MAIN ENTRY--PERSONAL NAME
Personal name Leung J. Y-T (Editor)
9 (RLIN) 193847
245 ## - TITLE STATEMENT
Title Handbook Of Scheduling
Remainder of title Algorithms, Models And Performance Analysis
260 ## - PUBLICATION, DISTRIBUTION, ETC. (IMPRINT)
Date of publication, distribution, etc. 2013
Name of publisher, distributor, etc. Chapman And Hall / CRC
300 ## - PHYSICAL DESCRIPTION
Extent 1120
Accompanying material [OBSOLETE, CAN/MARC] Ref 1498 C (42535)
365 ## - TRADE PRICE
Currency code Rs.
Price amount 4200.00
700 ## - ADDED ENTRY--PERSONAL NAME
Personal name Leung J. Y-T (Editor)
9 (RLIN) 193847
906 ## - LOCAL DATA ELEMENT F, LDF (RLIN)
d O:0302917-Sep-2012B:133607-Sep-2012
c COMP
b 924
Holdings
Withdrawn status Lost status Source of classification or shelving scheme Reference No Damaged status Not for loan Home library Current library Date acquired Vendor Budget Code Cost, normal purchase price Bill number Full call number Barcode Date last seen Discount Cost, replacement price Bill Date Koha item type Original Barcode
    Dewey Decimal Classification Ref 1498 C (42535)   Reference Cummins College of Engineering for Women Pune Cummins College of Engineering for Women Pune 17/09/2012 Technical Book Services COMP 3276.00 1336 658.530151 CCEP-BK-42535 18/07/2023 924 4200.00 07/09/2012 Books 042535